[Event "Montreal zt w"]
[Site "Montreal CAN"]
[Date "2017.12.28"]
[Round "4"]
[White "Wang, Jiaying"]
[Black "Matras-Clement, Agnieszka"]
[Result "1-0"]
[WhiteElo "1919"]
[BlackElo "2260"]
[WhiteFideId "-1"]
[WhiteFideId "-1"]
[PlyCount "211"]
[GameId "2160767908292109"]
[EventDate "2017.12.26"]
[EventType "tourn"]
[EventRounds "9"]
[EventCountry "CAN"]
[SourceTitle "CBM 182 Extra"]
[Source "ChessBase"]
[SourceDate "2018.02.23"]
[SourceVersion "1"]
[SourceVersionDate "2018.02.23"]
[SourceQuality "1"]

1. e4 e5 2. Bc4 Nf6 3. d3 c6 4. Nf3 d5 5. exd5 cxd5 6. Bb5+ Bd7 7. Bxd7+ Nbxd7 8. O-O Bd6 9. Nh4 Nc5 10. d4 Ne6 11. Nf5 exd4 12. Nxd4 O-O 13. Nc3 Rc8 14. Be3 a6 15. Kh1 b5 16. Nf5 Be5 17. Nxd5 Nxd5 18. Qxd5 Qxd5 19. Ne7+ Kh8 20. Nxd5 Rxc2 21. Nb4 Re2 22. Rae1 Rxe1 23. Rxe1 Bxb2 24. Rb1 Bc3 25. Nxa6 Rd8 26. g3 Rd5 27. Kg2 h6 28. Kf3 f5 29. Rc1 b4 30. a3 Nd4+ 31. Kg2 Ne2 32. Nxb4 Ra5 33. Rc2 Rxa3 34. Nd5 f4 35. gxf4 Nxf4+ 36. Nxf4 Bf6 37. Nh5 Be5 38. Rc5 Bd6 39. Rc6 Be5 40. Ng3 Kh7 41. Nh5 Rb3 42. Rb6 Ra3 43. Nf4 Ra4 44. Kf3 Kg8 45. Rb5 Bd6 46. Rb7 Be5 47. Re7 Bf6 48. Re4 Ra3 49. Kg4 Ra1 50. f3 Ra2 51. h3 Kf7 52. Bd4 Bg5 53. h4 Bd8 54. Ne6 Bf6 55. Bxf6 Kxf6 56. Nf4 Ra1 57. Nh5+ Kf7 58. Rb4 Rg1+ 59. Kf4 Rh1 60. Ke5 Re1+ 61. Re4 Rf1 62. f4 g6 63. Ng3 Rf3 64. Ne2 Ra3 65. Nd4 Ra5+ 66. Kd6 Ra6+ 67. Nc6 Kf6 68. Kd5 Ra1 69. Re6+ Kf5 70. Ne7+ Kxf4 71. Rxg6 h5 72. Ke6 Rh1 73. Nf5 Ra1 74. Rg5 Ra6+ 75. Kf7 Ra5 76. Kg6 Rb5 77. Rxh5 Rb6+ 78. Kh7 Rb5 79. Kg7 Rb7+ 80. Kf6 Rb6+ 81. Kf7 Rb5 82. Kg6 Rb6+ 83. Kh7 Rb5 84. Kg6 Rb6+ 85. Kf7 Rb5 86. Ke6 Re5+ 87. Kf6 Ra5 88. Rg5 Ra6+ 89. Kf7 Ra5 90. Nd4 Ra7+ 91. Kf6 Rh7 92. Ne6+ Ke4 93. h5 Rh6+ 94. Kf7 Ke3 95. Ng7 Kd4 96. Rg6 Rh8 97. h6 Ke5 98. Ne8 Kf5 99. Nf6 Ra8 100. Nd7 Ra7 101. Rd6 Ra1 102. h7 Rh1 103. Rf6+ Kg5 104. Rg6+ Kf5 105. Kg7 Rh2 106. Nf8 1-0

[Event "Montreal zt w"]
[Site "Montreal CAN"]
[Date "2017.12.29"]
[Round "5"]
[White "Cui, Cynthia"]
[Black "Tian, Sherry"]
[Result "1/2-1/2"]
[WhiteElo "1604"]
[BlackElo "1661"]
[WhiteFideId "-1"]
[WhiteFideId "-1"]
[PlyCount "121"]
[GameId "2160767908292110"]
[EventDate "2017.12.26"]
[EventType "tourn"]
[EventRounds "9"]
[EventCountry "CAN"]
[SourceTitle "CBM 182 Extra"]
[Source "ChessBase"]
[SourceDate "2018.02.23"]
[SourceVersion "1"]
[SourceVersionDate "2018.02.23"]
[SourceQuality "1"]

1. c4 Nf6 2. Nc3 e6 3. d4 d5 4. Bg5 Be7 5. cxd5 exd5 6. e3 O-O 7. Qc2 c6 8. Bd3 h6 9. Bh4 Nbd7 10. Nf3 Re8 11. O-O Nf8 12. h3 Nh5 13. Bxe7 Qxe7 14. Rab1 Be6 15. b4 a6 16. a4 Nd7 17. b5 cxb5 18. axb5 a5 19. b6 Rec8 20. Rb5 Nhf6 21. Qb2 Qd6 22. Ra1 g6 23. Rbxa5 Rxa5 24. Rxa5 Nxb6 25. Rb5 Nfd7 26. Nd2 Qc6 27. Ne2 Ra8 28. Nc3 Qd6 29. Be2 Qc6 30. Bf3 Rc8 31. Ne2 Bf5 32. Nf4 Be6 33. Qb4 Ra8 34. Nd3 Ra4 35. Qb2 Nc4 36. Nxc4 Qxc4 37. Nf4 Ra2 38. Qb1 Rc2 39. Qb3 Nf6 40. Qxc4 dxc4 41. Nxe6 fxe6 42. Rxb7 Rc1+ 43. Kh2 c3 44. Bg4 Nxg4+ 45. hxg4 Rf1 46. Rc7 Rxf2 47. Rxc3 Rd2 48. Kg3 Kf7 49. Rc7+ Kf6 50. Kf3 Kg5 51. Re7 Kf6 52. Rh7 Kg5 53. Re7 Kf6 54. Re8 Kf7 55. Rh8 Kg7 56. Rd8 Kf6 57. Rh8 Kg7 58. Re8 Kf7 59. Rd8 Kf6 60. g3 Rd1 61. Rh8 1/2-1/2

[Event "Montreal zt w"]
[Site "Montreal CAN"]
[Date "2017.12.29"]
[Round "5"]
[White "Demchenko, Svitlana"]
[Black "Chao, Lucy"]
[Result "1-0"]
[WhiteElo "2081"]
[BlackElo "1331"]
[WhiteFideId "-1"]
[WhiteFideId "-1"]
[PlyCount "57"]
[GameId "2160767908292111"]
[EventDate "2017.12.26"]
[EventType "tourn"]
[EventRounds "9"]
[EventCountry "CAN"]
[SourceTitle "CBM 182 Extra"]
[Source "ChessBase"]
[SourceDate "2018.02.23"]
[SourceVersion "1"]
[SourceVersionDate "2018.02.23"]
[SourceQuality "1"]

1. e4 Nf6 2. e5 Nd5 3. d4 d6 4. c4 Nb6 5. exd6 exd6 6. Bd3 Nc6 7. Be3 Nb4 8. Be2 Bf5 9. Na3 Be7 10. Qd2 Nc6 11. Nf3 O-O 12. O-O Re8 13. Rfd1 Bf6 14. Rac1 Qd7 15. b3 Rad8 16. Nb5 a6 17. Nc3 Qe7 18. d5 Ne5 19. Nxe5 Bxe5 20. Bxb6 Bxc3 21. Qxc3 Qxe2 22. Bxc7 Rc8 23. Re1 Qxa2 24. Rxe8+ Rxe8 25. Bxd6 Re2 26. Bg3 g6 27. h3 Rc2 28. Rxc2 Bxc2 29. Qf6 1-0

[Event "Montreal zt w"]
[Site "Montreal CAN"]
[Date "2017.12.29"]
[Round "5"]
[White "Matras-Clement, Agnieszka"]
[Black "Ouellet, Maili-Jade"]
[Result "1/2-1/2"]
[WhiteElo "2260"]
[BlackElo "2062"]
[WhiteFideId "-1"]
[WhiteFideId "-1"]
[PlyCount "103"]
[GameId "2160767908292112"]
[EventDate "2017.12.26"]
[EventType "tourn"]
[EventRounds "9"]
[EventCountry "CAN"]
[SourceTitle "CBM 182 Extra"]
[Source "ChessBase"]
[SourceDate "2018.02.23"]
[SourceVersion "1"]
[SourceVersionDate "2018.02.23"]
[SourceQuality "1"]

1. e4 c5 2. Nf3 d6 3. d4 cxd4 4. Nxd4 Nf6 5. Nc3 a6 6. Be3 e5 7. Nb3 Be6 8. f3 Be7 9. Qd2 O-O 10. O-O-O b5 11. g4 Nbd7 12. g5 Nh5 13. Kb1 Nb6 14. Rg1 Qc7 15. Qf2 Rab8 16. Nd5 Bxd5 17. exd5 Nc4 18. Bc1 a5 19. Bd3 a4 20. Nd2 Nf4 21. Ne4 Nxd3 22. cxd3 Nb6 23. Nf6+ Bxf6 24. gxf6 g6 25. d4 Qd7 26. Qh4 Qf5+ 27. Qe4 Qxe4+ 28. fxe4 Nd7 29. dxe5 Nxe5 30. Bf4 Rfe8 31. Rc1 Nc4 32. Rge1 Rb6 33. b3 axb3 34. axb3 Ne5 35. Bxe5 dxe5 36. Rc6 Rxc6 37. dxc6 Rc8 38. Rc1 b4 39. Rc5 h6 40. Kc2 g5 41. Kd3 Kh7 42. c7 Kg6 43. Kc4 g4 44. Kd5 h5 45. Kd6 h4 46. Kd7 Rxc7+ 47. Rxc7 Kxf6 48. Kd6 g3 49. hxg3 hxg3 50. Rc8 g2 51. Rc1 g1=Q 52. Rxg1 1/2-1/2

[Event "Montreal zt w"]
[Site "Montreal CAN"]
[Date "2017.12.29"]
[Round "5"]
[White "Xu, Ruoying"]
[Black "Wang, Jiaying"]
[Result "1-0"]
[WhiteElo "2020"]
[BlackElo "1919"]
[WhiteFideId "-1"]
[WhiteFideId "-1"]
[PlyCount "127"]
[GameId "2160767908292113"]
[EventDate "2017.12.26"]
[EventType "tourn"]
[EventRounds "9"]
[EventCountry "CAN"]
[SourceTitle "CBM 182 Extra"]
[Source "ChessBase"]
[SourceDate "2018.02.23"]
[SourceVersion "1"]
[SourceVersionDate "2018.02.23"]
[SourceQuality "1"]

1. d4 f5 2. Nc3 Nf6 3. Bg5 d5 4. Bxf6 exf6 5. e3 c6 6. Bd3 Bd6 7. Qf3 g6 8. Nge2 Nd7 9. h4 h5 10. g3 Nf8 11. a3 Ne6 12. Nf4 Bxf4 13. gxf4 Kf7 14. Qg2 Qe7 15. Ne2 Bd7 16. Rg1 Rhg8 17. Qf3 Ng7 18. Ng3 Qf8 19. Rg2 Ne8 20. O-O-O Nd6 21. Rdg1 Qh6 22. Qe2 b5 23. b3 Be6 24. f3 Nb7 25. Qd2 Qf8 26. Kb2 Qd6 27. c3 c5 28. e4 fxe4 29. fxe4 cxd4 30. cxd4 dxe4 31. Bxe4 Qb6 32. f5 gxf5 33. Nxf5 Bxf5 34. Bxf5 Nd6 35. Be6+ Kxe6 36. Rxg8 Rxg8 37. Rxg8 Kd5 38. Qg2+ Ne4 39. Re8 Qxd4+ 40. Kb1 Qd1+ 41. Ka2 Qg4 42. Rd8+ Ke5 43. Qb2+ Kf4 44. Qc1+ Kg3 45. Rg8 f5 46. Rxg4+ Kxg4 47. Qe3 Ng3 48. Qg5+ Kf3 49. Qg7 f4 50. Qxa7 Kg2 51. Qb7+ f3 52. a4 bxa4 53. bxa4 Ne2 54. a5 Nc1+ 55. Ka3 Nd3 56. a6 Nc5 57. Qg7+ Kh3 58. a7 f2 59. Qf8 Nd7 60. Qxf2 Ne5 61. Qe3+ Kxh4 62. Qxe5 Kh3 63. a8=Q h4 64. Qf3# 1-0

[Event "Montreal zt w"]
[Site "Montreal CAN"]
[Date "2017.12.29"]
[Round "5"]
[White "Zhou, Qiyu"]
[Black "Khoudgarian, Natalia"]
[Result "1-0"]
[WhiteElo "2240"]
[BlackElo "2100"]
[WhiteFideId "-1"]
[WhiteFideId "-1"]
[PlyCount "133"]
[GameId "2160767908292114"]
[EventDate "2017.12.26"]
[EventType "tourn"]
[EventRounds "9"]
[EventCountry "CAN"]
[SourceTitle "CBM 182 Extra"]
[Source "ChessBase"]
[SourceDate "2018.02.23"]
[SourceVersion "1"]
[SourceVersionDate "2018.02.23"]
[SourceQuality "1"]

1. e4 e6 2. d4 d5 3. Nc3 Bb4 4. e5 Qd7 5. Qg4 f5 6. Qg3 b6 7. Be2 Ba6 8. Bh5+ g6 9. Be2 Kf7 10. Bd2 c5 11. a3 Bxc3 12. Bxc3 Bxe2 13. Nxe2 h6 14. O-O Ne7 15. Qh4 g5 16. Qh5+ Kg7 17. f4 Qe8 18. Qh3 g4 19. Qh4 Ng6 20. Qf2 c4 21. b3 Qc6 22. Rab1 Nd7 23. Bb4 h5 24. Rfc1 Rac8 25. Bd6 a5 26. bxc4 Qxc4 27. Rb3 Qa6 28. h3 Rc4 29. Qe3 Rhc8 30. Ng3 Rh8 31. Ne2 Qc8 32. c3 Qd8 33. Kh2 Qh4 34. Rbb1 Qd8 35. Ng3 Ne7 36. Nf1 Nc8 37. Nd2 Rc6 38. Rb5 Nxd6 39. exd6 Qf8 40. Qxe6 Rxd6 41. Qe3 Qf7 42. Re1 Rc8 43. a4 Nf6 44. c4 Ne4 45. c5 bxc5 46. dxc5 d4 47. Qa3 Re6 48. Qd3 g3+ 49. Kg1 h4 50. Qxd4+ Nf6 51. Re5 Rce8 52. Nf3 Qe7 53. Rb6 Rxe5 54. fxe5 Ne4 55. c6 Rd8 56. Rb7 Rxd4 57. Nxd4 Kf8 58. Rxe7 Kxe7 59. Nxf5+ Kd8 60. Nxh4 Kc7 61. Nf3 Kxc6 62. h4 Kd5 63. h5 Ke6 64. h6 Kf7 65. e6+ Kg6 66. h7 Kxh7 67. Ng5+ 1-0

[Event "Montreal zt w"]
[Site "Montreal CAN"]
[Date "2017.12.29"]
[Round "6"]
[White "Khoudgarian, Natalia"]
[Black "Chao, Lucy"]
[Result "1-0"]
[WhiteElo "2100"]
[BlackElo "1331"]
[WhiteFideId "-1"]
[WhiteFideId "-1"]
[PlyCount "103"]
[GameId "2160767908292115"]
[EventDate "2017.12.26"]
[EventType "tourn"]
[EventRounds "9"]
[EventCountry "CAN"]
[SourceTitle "CBM 182 Extra"]
[Source "ChessBase"]
[SourceDate "2018.02.23"]
[SourceVersion "1"]
[SourceVersionDate "2018.02.23"]
[SourceQuality "1"]

1. e4 d5 2. exd5 Qxd5 3. Nc3 Qa5 4. d4 Bf5 5. Qf3 c6 6. Bc4 e6 7. Bb3 Nf6 8. Bd2 Bb4 9. Nge2 Ne4 10. Nxe4 Bxe4 11. Qxe4 Bxd2+ 12. Kf1 O-O 13. g3 Nd7 14. Rd1 Bh6 15. Kg2 Rad8 16. c3 Nf6 17. Qf3 Rd7 18. h4 Nd5 19. g4 g6 20. g5 Bg7 21. h5 Ne7 22. Qf4 Qf5 23. h6 Qxf4 24. Nxf4 Bh8 25. Nxe6 Re8 26. Nc5 Rc7 27. Rhe1 Kf8 28. Re4 Nf5 29. Rxe8+ Kxe8 30. Re1+ Kf8 31. f4 b6 32. Nd3 Re7 33. Rxe7 Kxe7 34. Nb4 c5 35. dxc5 bxc5 36. Nc6+ Kd6 37. Nxa7 c4 38. Ba4 f6 39. Kf3 fxg5 40. fxg5 Be5 41. Nc6 Bh2 42. Na5 Kc5 43. b4+ cxb3 44. axb3 Bg1 45. b4+ Kd6 46. Nc4+ Ke7 47. Bc2 Nh4+ 48. Kg4 Bf2 49. Be4 Be1 50. b5 Nf5 51. b6 Kd7 52. Ne5+ 1-0

[Event "Montreal zt w"]
[Site "Montreal CAN"]
[Date "2017.12.29"]
[Round "6"]
[White "Ouellet, Maili-Jade"]
[Black "Xu, Ruoying"]
[Result "1-0"]
[WhiteElo "2062"]
[BlackElo "2020"]
[WhiteFideId "-1"]
[WhiteFideId "-1"]
[PlyCount "133"]
[GameId "2160767908292116"]
[EventDate "2017.12.26"]
[EventType "tourn"]
[EventRounds "9"]
[EventCountry "CAN"]
[SourceTitle "CBM 182 Extra"]
[Source "ChessBase"]
[SourceDate "2018.02.23"]
[SourceVersion "1"]
[SourceVersionDate "2018.02.23"]
[SourceQuality "1"]

1. d4 Nf6 2. c4 c5 3. d5 b5 4. cxb5 a6 5. bxa6 Bxa6 6. Nc3 d6 7. e4 Bxf1 8. Kxf1 g6 9. Nge2 Bg7 10. g3 O-O 11. Kg2 Nbd7 12. h3 Nb6 13. Qc2 Nfd7 14. Rb1 e6 15. Rd1 exd5 16. exd5 Re8 17. b3 Qe7 18. Be3 Nf6 19. Rd2 Ne4 20. Nxe4 Qxe4+ 21. Qxe4 Rxe4 22. Kf3 Rb4 23. Rc1 Nd7 24. Kg2 Ne5 25. f4 Nd7 26. Rcc2 Nf6 27. Rd3 Ne4 28. Kf3 f5 29. Bc1 Rab8 30. g4 Kf7 31. Ng3 Nxg3 32. Kxg3 Bd4 33. Re2 R4b7 34. Rd1 Bc3 35. Re3 Bd4 36. Re6 Ra8 37. Rd2 Ra6 38. Kf3 Bc3 39. Rc2 Bd4 40. Ree2 Rab6 41. Be3 Bg7 42. Bf2 Ra6 43. Bh4 Ra3 44. Kg2 Rba7 45. Kf1 R3a6 46. Ke1 Rb7 47. Kd1 Rab6 48. Re6 Bd4 49. Rce2 Bg7 50. Re7+ Rxe7 51. Rxe7+ Kf8 52. Rc7 Rb4 53. Be7+ Kg8 54. Bxd6 Rd4+ 55. Kc2 Rxd5 56. Bxc5 g5 57. Be3 fxg4 58. hxg4 Bd4 59. Bxd4 Rxd4 60. fxg5 Rxg4 61. Rc5 Kf7 62. a4 Ke6 63. Kc3 Kd6 64. b4 Rg3+ 65. Kc4 Rg1 66. Kb5 Kd7 67. a5 1-0

[Event "Montreal zt w"]
[Site "Montreal CAN"]
[Date "2017.12.29"]
[Round "6"]
[White "Tian, Sherry"]
[Black "Demchenko, Svitlana"]
[Result "0-1"]
[WhiteElo "1661"]
[BlackElo "2081"]
[WhiteFideId "-1"]
[WhiteFideId "-1"]
[PlyCount "146"]
[GameId "2160767908292117"]
[EventDate "2017.12.26"]
[EventType "tourn"]
[EventRounds "9"]
[EventCountry "CAN"]
[SourceTitle "CBM 182 Extra"]
[Source "ChessBase"]
[SourceDate "2018.02.23"]
[SourceVersion "1"]
[SourceVersionDate "2018.02.23"]
[SourceQuality "1"]

1. d4 d5 2. c4 e6 3. Nc3 Nf6 4. Nf3 Be7 5. Bg5 h6 6. Bh4 O-O 7. e3 b6 8. Bd3 Bb7 9. O-O Nbd7 10. Qe2 c5 11. Rfd1 Ne4 12. Bxe7 Qxe7 13. Rac1 Ndf6 14. cxd5 Nxc3 15. Rxc3 Nxd5 16. Rcc1 Rac8 17. Bb1 g6 18. e4 Nf6 19. Qe3 cxd4 20. Qxd4 Rxc1 21. Rxc1 Rd8 22. Qa4 a6 23. Qb3 Nxe4 24. Qxb6 Ng5 25. Ne1 Nh3+ 26. Kf1 Qg5 27. Qe3 Nf4 28. f3 Qb5+ 29. Kf2 Qxb2+ 30. Bc2 Nd5 31. Nd3 Qxa2 32. Qxh6 Ne7 33. Qh4 Rxd3 34. Qxe7 Rd2+ 35. Ke3 Rxc2 36. Rxc2 Qxc2 37. Qxb7 Qxg2 38. Qxa6 Qxh2 39. Qc8+ Kh7 40. Qe8 Kg7 41. Qd7 Qe5+ 42. Kf2 g5 43. Qe7 Qh2+ 44. Ke3 Qf4+ 45. Ke2 g4 46. fxg4 Qxg4+ 47. Ke3 Kg6 48. Qe8 Qg5+ 49. Ke2 Qh5+ 50. Ke3 Kf5 51. Qb5+ e5 52. Qd7+ Kg5 53. Qe7+ f6 54. Qg7+ Qg6 55. Qe7 Qh6 56. Kf3 Qh3+ 57. Ke4 Qh1+ 58. Ke3 Qe1+ 59. Kf3 e4+ 60. Kg2 Qe2+ 61. Kg1 Qe3+ 62. Kg2 Qf3+ 63. Kg1 e3 64. Qg7+ Kf5 65. Qd7+ Kf4 66. Qc7+ Kg4 67. Qg7+ Kh3 68. Qh8+ Kg3 69. Qb8+ Qf4 70. Qg8+ Qg4 71. Qd5 Kf4+ 72. Kh2 Qg3+ 73. Kh1 Qf3+ 0-1

[Event "Montreal zt w"]
[Site "Montreal CAN"]
[Date "2017.12.29"]
[Round "6"]
[White "Wang, Jiaying"]
[Black "Cui, Cynthia"]
[Result "0-1"]
[WhiteElo "1919"]
[BlackElo "1604"]
[WhiteFideId "-1"]
[WhiteFideId "-1"]
[PlyCount "52"]
[GameId "2160767908292118"]
[EventDate "2017.12.26"]
[EventType "tourn"]
[EventRounds "9"]
[EventCountry "CAN"]
[SourceTitle "CBM 182 Extra"]
[Source "ChessBase"]
[SourceDate "2018.02.23"]
[SourceVersion "1"]
[SourceVersionDate "2018.02.23"]
[SourceQuality "1"]

1. c4 e6 2. e3 d5 3. d4 Nf6 4. c5 a5 5. Bd2 Be7 6. Bd3 O-O 7. f4 Nbd7 8. Qf3 b6 9. cxb6 Nxb6 10. g4 Bb7 11. g5 Ne4 12. Nc3 Nd6 13. Qh3 Nbc4 14. Nge2 c5 15. Ng3 cxd4 16. exd4 g6 17. Qg2 Nxd2 18. Kxd2 Qc7 19. Ke3 Nc4+ 20. Bxc4 dxc4 21. Nge4 f5 22. gxf6 Bxf6 23. Qg4 Bxd4+ 24. Kxd4 Qb6+ 25. Ke5 Rf5+ 26. Qxf5 exf5 0-1

[Event "Montreal zt w"]
[Site "Montreal CAN"]
[Date "2017.12.29"]
[Round "6"]
[White "Zhou, Qiyu"]
[Black "Matras-Clement, Agnieszka"]
[Result "1/2-1/2"]
[WhiteElo "2240"]
[BlackElo "2260"]
[WhiteFideId "-1"]
[WhiteFideId "-1"]
[PlyCount "78"]
[GameId "2160767908292119"]
[EventDate "2017.12.26"]
[EventType "tourn"]
[EventRounds "9"]
[EventCountry "CAN"]
[SourceTitle "CBM 182 Extra"]
[Source "ChessBase"]
[SourceDate "2018.02.23"]
[SourceVersion "1"]
[SourceVersionDate "2018.02.23"]
[SourceQuality "1"]

1. e4 c5 2. Nf3 Nc6 3. d4 cxd4 4. Nxd4 Nf6 5. Nc3 e6 6. Ndb5 Bb4 7. a3 Bxc3+ 8. Nxc3 d5 9. exd5 exd5 10. Bd3 O-O 11. O-O d4 12. Ne2 Bg4 13. Bg5 Re8 14. f3 Bh5 15. Ng3 Bg6 16. f4 Bxd3 17. Qxd3 Re3 18. Qd2 h6 19. Bh4 Re6 20. f5 Re5 21. Nh5 Ne4 22. Qf4 f6 23. Qg4 Ng5 24. Bxg5 hxg5 25. h4 d3 26. hxg5 Qd4+ 27. Qxd4 Nxd4 28. cxd3 fxg5 29. Rae1 Rae8 30. Rxe5 Rxe5 31. Ng3 Re3 32. Ne4 g4 33. f6 g3 34. f7+ Kf8 35. Ng5 Ne2+ 36. Kh1 Nf4 37. Kg1 Ne2+ 38. Kh1 Nf4 39. Kg1 Ne2+ 1/2-1/2

[Event "Montreal zt w"]
[Site "Montreal CAN"]
[Date "2017.12.30"]
[Round "7"]
[White "Chao, Lucy"]
[Black "Tian, Sherry"]
[Result "0-1"]
[WhiteElo "1331"]
[BlackElo "1661"]
[WhiteFideId "-1"]
[WhiteFideId "-1"]
[PlyCount "47"]
[GameId "2160767908292120"]
[EventDate "2017.12.26"]
[EventType "tourn"]
[EventRounds "9"]
[EventCountry "CAN"]
[SourceTitle "CBM 182 Extra"]
[Source "ChessBase"]
[SourceDate "2018.02.23"]
[SourceVersion "1"]
[SourceVersionDate "2018.02.23"]
[SourceQuality "1"]

1. e4 e6 2. d4 d5 3. Nd2 Nf6 4. e5 Nfd7 5. Bd3 c5 6. c3 Nc6 7. Ne2 cxd4 8. cxd4 f6 9. exf6 Nxf6 10. O-O Bd6 11. Nf3 O-O 12. Bf4 Bxf4 13. Nxf4 Ng4 14. Ne2 Qd6 15. Ng3 Qf4 16. Re1 Bd7 17. Bb1 Rac8 18. Qd3 g6 19. h3 Nh6 20. Qe3 Kg7 21. Qd3 Nf5 22. Nxf5+ exf5 23. Ne5 Nxe5 24. dxe5 0-1

[Event "Montreal zt w"]
[Site "Montreal CAN"]
[Date "2017.12.30"]
[Round "7"]
[White "Cui, Cynthia"]
[Black "Ouellet, Maili-Jade"]
[Result "0-1"]
[WhiteElo "1604"]
[BlackElo "2062"]
[WhiteFideId "-1"]
[WhiteFideId "-1"]
[PlyCount "162"]
[GameId "2160767908292121"]
[EventDate "2017.12.26"]
[EventType "tourn"]
[EventRounds "9"]
[EventCountry "CAN"]
[SourceTitle "CBM 182 Extra"]
[Source "ChessBase"]
[SourceDate "2018.02.23"]
[SourceVersion "1"]
[SourceVersionDate "2018.02.23"]
[SourceQuality "1"]

1. c4 e6 2. d4 d5 3. Nc3 Nf6 4. Bg5 Be7 5. e3 O-O 6. cxd5 exd5 7. Qc2 c6 8. Bd3 Nbd7 9. Nf3 Re8 10. O-O Nf8 11. Rab1 Ne4 12. Bxe7 Qxe7 13. b4 a6 14. a4 Ng6 15. b5 axb5 16. axb5 Bg4 17. Bxe4 dxe4 18. Nd2 Bf5 19. bxc6 bxc6 20. Ne2 Nh4 21. Ng3 Qg5 22. Qxc6 Rac8 23. Qb5 g6 24. Rfc1 Rcd8 25. Rc5 Qf6 26. Qb7 Rd7 27. Qc6 Qd8 28. Ndxe4 Re6 29. Qc8 Bxe4 30. Nxe4 Rxe4 31. Rc7 Qxc8 32. Rxc8+ Kg7 33. h3 Nf5 34. Rc5 h5 35. Kf1 Re8 36. g4 hxg4 37. hxg4 Nh6 38. g5 Nf5 39. Re1 Re4 40. Rc3 Rde7 41. Rd3 Kh7 42. Re2 Rg4 43. d5 Rxg5 44. e4 Nd6 45. f3 Rge5 46. Rc2 f5 47. exf5 Nxf5 48. d6 Rd7 49. Rc7 Rxc7 50. dxc7 Rc5 51. Rd7+ Kh6 52. Ke2 Ng7 53. Re7 Nf5 54. Rd7 Kg5 55. Rf7 Kf4 56. Rf6 g5 57. Rf7 Ke5 58. Kd3 Ke6 59. Rh7 Nd6 60. Rh5 Kf5 61. Rh7 Nb5 62. Rf7+ Kg6 63. Rf8 Nxc7 64. f4 Kg7 65. Rd8 gxf4 66. Ke4 Ne6 67. Rd3 Kf6 68. Kf3 Rg5 69. Kf2 Ke5 70. Ra3 Ke4 71. Ra8 f3 72. Re8 Rg2+ 73. Kf1 Kf5 74. Re7 Nd4 75. Rf7+ Ke4 76. Re7+ Kf4 77. Rf7+ Nf5 78. Rf8 Ra2 79. Kg1 f2+ 80. Kf1 Kg4 81. Rg8+ Kf3 0-1

[Event "Montreal zt w"]
[Site "Montreal CAN"]
[Date "2017.12.30"]
[Round "7"]
[White "Demchenko, Svitlana"]
[Black "Wang, Jiaying"]
[Result "1-0"]
[WhiteElo "2081"]
[BlackElo "1919"]
[WhiteFideId "-1"]
[WhiteFideId "-1"]
[PlyCount "103"]
[GameId "2160767908292122"]
[EventDate "2017.12.26"]
[EventType "tourn"]
[EventRounds "9"]
[EventCountry "CAN"]
[SourceTitle "CBM 182 Extra"]
[Source "ChessBase"]
[SourceDate "2018.02.23"]
[SourceVersion "1"]
[SourceVersionDate "2018.02.23"]
[SourceQuality "1"]

1. e4 d5 2. exd5 Qxd5 3. Nc3 Qd8 4. d4 Nf6 5. Bc4 e6 6. Nf3 Bd6 7. O-O h6 8. Re1 O-O 9. Ne5 Bxe5 10. dxe5 Qxd1 11. Rxd1 Nfd7 12. f4 a6 13. a4 b6 14. Be3 Re8 15. Rd2 Nf8 16. b4 Bb7 17. Rad1 Kh8 18. b5 a5 19. Kf2 Kg8 20. Be2 Ng6 21. Bf3 Bxf3 22. Kxf3 Kf8 23. Ke4 Ke7 24. Rd3 Nf8 25. Bc1 Nfd7 26. Ba3+ Kd8 27. Ne2 Kc8 28. g4 Nc5+ 29. Bxc5 bxc5 30. Nc1 Re7 31. Rc3 Rd7 32. Rxd7 Nxd7 33. Nb3 Kb7 34. Rd3 Kc8 35. Rc3 Kb7 36. Nxc5+ Nxc5+ 37. Rxc5 Rd8 38. Rc3 Rd1 39. Rd3 Ra1 40. Rd4 Ra3 41. f5 Rc3 42. Rd7 Rc4+ 43. Kf3 Rc3+ 44. Ke2 Rc4 45. Rxf7 Rxa4 46. Kd3 Ra1 47. fxe6 Re1 48. Kd4 Rd1+ 49. Ke4 Re1+ 50. Kf5 Kc8 51. Rf8+ Kb7 52. e7 1-0

[Event "Montreal zt w"]
[Site "Montreal CAN"]
[Date "2017.12.30"]
[Round "7"]
[White "Matras-Clement, Agnieszka"]
[Black "Khoudgarian, Natalia"]
[Result "1-0"]
[WhiteElo "2260"]
[BlackElo "2100"]
[WhiteFideId "-1"]
[WhiteFideId "-1"]
[PlyCount "75"]
[GameId "2160767908292123"]
[EventDate "2017.12.26"]
[EventType "tourn"]
[EventRounds "9"]
[EventCountry "CAN"]
[SourceTitle "CBM 182 Extra"]
[Source "ChessBase"]
[SourceDate "2018.02.23"]
[SourceVersion "1"]
[SourceVersionDate "2018.02.23"]
[SourceQuality "1"]

1. e4 e6 2. d4 d5 3. Nd2 Nf6 4. e5 Nfd7 5. Bd3 c5 6. c3 Nc6 7. Ne2 cxd4 8. cxd4 f6 9. exf6 Nxf6 10. O-O Bd6 11. Nf3 Qb6 12. Bf4 Bxf4 13. Nxf4 O-O 14. Rb1 Ne4 15. Ne2 e5 16. Bxe4 dxe4 17. Nxe5 Nxe5 18. dxe5 Bg4 19. Qd5+ Kh8 20. Ng3 Be6 21. Qxe4 Bxa2 22. Rbd1 Rac8 23. Rd7 Qe6 24. Rd6 Qb3 25. e6 Qxb2 26. e7 Rfe8 27. Rd7 b5 28. Nf5 Rc1 29. Rdd1 Rxd1 30. Rxd1 Qf6 31. h3 h6 32. Rd6 Qc3 33. g3 Qc1+ 34. Kg2 Bb1 35. Qe5 Bxf5 36. Qxf5 Qc4 37. Qf8+ Qg8 38. Qxe8 1-0

[Event "Montreal zt w"]
[Site "Montreal CAN"]
[Date "2017.12.30"]
[Round "7"]
[White "Xu, Ruoying"]
[Black "Zhou, Qiyu"]
[Result "1-0"]
[WhiteElo "2020"]
[BlackElo "2240"]
[WhiteFideId "-1"]
[WhiteFideId "-1"]
[PlyCount "123"]
[GameId "2160767908292124"]
[EventDate "2017.12.26"]
[EventType "tourn"]
[EventRounds "9"]
[EventCountry "CAN"]
[SourceTitle "CBM 182 Extra"]
[Source "ChessBase"]
[SourceDate "2018.02.23"]
[SourceVersion "1"]
[SourceVersionDate "2018.02.23"]
[SourceQuality "1"]

1. d4 Nf6 2. Nf3 e6 3. Bg5 c5 4. e3 b6 5. Bd3 Bb7 6. Nbd2 cxd4 7. exd4 Be7 8. c3 O-O 9. O-O Nc6 10. Bc2 Nd5 11. Ne4 f5 12. Bxe7 Qxe7 13. Ng3 Qf6 14. Qd2 Rac8 15. Rfe1 Rfe8 16. Ne5 d6 17. Nxc6 Bxc6 18. c4 Nc7 19. d5 exd5 20. Bxf5 Rcd8 21. cxd5 Bxd5 22. Rec1 Be6 23. Rxc7 Bxf5 24. Nh5 Qe5 25. Rxg7+ Kh8 26. Rg5 Rc8 27. f4 Qc5+ 28. Kh1 Re4 29. h3 h6 30. Rg3 Rd4 31. Qe2 Re4 32. Qf3 Rce8 33. Qc3+ Qxc3 34. Rxc3 Re1+ 35. Rxe1 Rxe1+ 36. Kh2 Re7 37. Ng3 Bb1 38. Rc6 Rd7 39. a3 Kg7 40. Rc1 Bh7 41. Ne2 Kf6 42. Nd4 Be4 43. g4 Re7 44. Kg3 Bd3 45. Rc6 Re3+ 46. Kf2 Rxh3 47. Rxd6+ Ke7 48. Re6+ Kf8 49. Kg2 Rh4 50. Kg3 Rh1 51. Nf3 Rb1 52. b4 Ra1 53. Re3 Ba6 54. f5 Bb7 55. Nd2 Rd1 56. Nc4 Rg1+ 57. Kf4 Rf1+ 58. Ke5 Rg1 59. Kf6 Rxg4 60. Ne5 Re4 61. Rd3 Ke8 62. Nf7 1-0